00353nam a2200145Ia 4500008004100000020001500041041001200056082001600068100001400084245004700098250000800145260003900153300000800192650000700200221030s9999 xx 000 0 und d a9971512351 aEnglish a105.23bKuo aF. F. Kuo 0aNetwork Analysis & Synthesiscby F. F. Kuo a2nd bJohn Willey & SonsaNew Yorkc1999 a515 aEE